000 00310pam a2200145 a 4500
020 _c
041 _h
082 _a617
_bGRE
100 _aMark S. Greenberg .
245 _aHandbook of Neurosurgery
_hTextual Documents
250 _a7th ed. .
260 _bThieme
_c2010
300 _a1337.
930 _a10244
999 _c10237
_d10237